| 000 | 00945cam a2200325 4500 | ||
|---|---|---|---|
| 001 | ABS62978 | ||
| 008 | 000000n2000 000 0 eng u | ||
| 035 | _a(Sirsi) u109132 | ||
| 245 | _aRegional survey: Scotland | ||
| 260 | _c2000 | ||
| 490 |
_aProperty Week _v65(40) 13 October 2000, 55-84(15) |
||
| 590 | _aABS | ||
| 650 | _aSCOTLAND | ||
| 650 | _aCLYDE WATERFRONT | ||
| 650 | _aGLASGOW | ||
| 650 | _aREGENERATION | ||
| 650 | _aRESIDENTIAL DEVELOPMENT | ||
| 650 | _aLEISURE MARKET | ||
| 650 | _aPROPERTY-COMMERCIAL PROPERTY-OFFICE PROPERTY-OFFICE PROPERTY MARKET | ||
| 650 | _aPROPERTY-COMMERCIAL PROPERTY-RETAIL PROPERTY-RETAIL PROPERTY MARKET | ||
| 650 | _aSCOTTISH PARLIAMENT | ||
| 650 | _aEDINBURGH | ||
| 650 | _aINDUSTRIAL MARKET | ||
| 650 | _aECONOMY | ||
| 650 | _aABERDEEN | ||
| 650 | _aPLANNING | ||
| 650 | _aFORECASTS | ||
| 690 | _aPROPERTY-COMMERCIAL PROPERTY-COMMERCIAL PROPERTY MARKET | ||
| 942 | _n0 | ||
| 999 |
_c65160 _d65160 |
||